Villes françaises sur la côte méditerranéenne - Statistiques

Statistiques générales
  • Ce quiz a été pris 241 fois
  • Le résultat moyen est 13 sur 30
Statistiques - réponses
Région Ville % Correct
Marseille
95%
Nice
95%
Corse Ajaccio
93%
Bastia
91%
Cannes
85%
Toulon
85%
Sète
64%
Provence-Alpes- Côte d'Azur Antibes
62%
Calvi
60%
Narbonne
60%
Porto-Vecchio
58%
Fréjus
56%
Hyères
56%
Arles
47%
Languedoc-Roussillon Agde
45%
La Seyne-sur-Mer
38%
Cagnes-sur-Mer
28%
Propriano
27%
Argelès-sur-Mer
23%
Frontignan
19%
Canet-en-Roussillon
17%
Lattes
16%
Borgo
15%
Saint-Cyprien
15%
Biguglia
12%
Furiani
10%
Mauguio
10%
Ghisonaccia
3%
Lucciana
3%
Saint-Laurent-de-la-Salanque
2%
Aucun quiz correspondant
Distribution des résultats
% des personnes avec chaque résultat
Percentile par nombre de réponses
Votre historique - résultats
Vous n’avez pas pris ce quiz